000 00708nam a2200253Ia 4500
003 OSt
005 20220925203947.0
006 a|||||r|||| 00| 0
007 ta
008 220923b |||||||| |||| 00| 0 eng d
037 _cGeneral Book
040 _aRTL
_cRTL
_beng
041 _2eng
_aeng
082 _aB28, N4
100 _aMason Robert D
_948334
245 0 _aStatistics
_b An introduction
250 _a4th
260 _aFlorida
_bHarcourt Brace
_c1994
300 _a660p
_ccm.
490 _aDryden Press Series in management Science and Quantitative Methods
650 _aStatistics
_935791
942 _hB28, N4
_cGB
_2CC
999 _c548203
_d548203